Statistieken voor BBB klassen quiz

Klik hier om de quiz te nemen!

Algemene statistieken

  • Deze quiz is 21 keer genomen
  • De gemiddelde score is 13 van 20

Antwoordstatistieken

VraagAntwoord% Correct
Wie won het WK in 2018? (gemiddeld)Frankrijk
100%
In welke stad is de kaba? (gemiddeld)(B) Mekka
92%
Wie is dit? (makkelijk)Kylian Mbappe
92%
Hoeveel gram weegt dit persoon? (moeilijk)60000
85%
Welke club is dit? (Moeilijk)Juventus
85%
Wat is de hoofdstad van CambodjaPhnom Penh
85%
Welke voetballer is dit? (kapot moeilijk)Cafu
77%
In welk jaar beeindigde de Falklands Oorlog (bro niemand weet dit)1982
69%
Wat is de hoofdstad van Noord-Holland? (makkelijk)Haarlem
69%
Wat is de hoofdstad van Marokko? (moeilijk)Rabat
69%
Wat is 563 + 7 x 12 =? (gemiddeld)647
62%
Welke kaart van Azië klopt? (kapot moeilijk)
54%
In welk jaar beeindigde de Vietnam Oorlog (niemand weet dit)1975
54%
Welke vlag is dit? (moeilijk)(A) Andorra
54%
Wat is de belangrijkste god in Hindoeïsme? (moeilijk)Brahma
54%
Welke kaart van Europa klopt? (gemiddeld)
46%
In welke stad is dit gebouw te zien? (gemiddeld)Siem Raep
46%
Welke kaart van het Nederland klopt?
38%
Hoeveel landen grensen aan het Nederlandse grondgebied? (makkelijk)3
38%
Belangrijkste god van Boeddhisme? (makkelijk)Ze hebben geen god
31%

Scoreverdeling

Percentiel versus Aantal Correcte Antwoorden

Procent van Mensen met Elke Score

Uw Scoregeschiedenis

U heeft deze quiz nog niet genomen